000 00602nam a2200229 a 4500
005 20210219153019.0
008 991125n 000 0 eng u
035 _aUPN01000073158
100 _aGORMAN, Kchhleen S.
222 _aCHILD DEVELOPMENT
245 _aDoes schooling buffer the effects of early risk?
260 _aCHICAGO, EUA
300 _a314-326
362 _a1996 Vol. 67, no. 2, apr.
653 0 _aESCUELA
653 0 _aFACTORES DE RIESGO
653 0 _aNIÑOS
653 0 _aSOCIALIZACION
700 _aPOLLIT, Ernesto, coaut.
904 _aAC
_b010969
905 _aArticulo
999 _c66262
_d66262